header

The political culture of leadership in the United Arab Emirates (Record no. 248717)

MARC details
000 -LEADER
fixed length control field 01420nam a2200349Ia 4500
082 04 - DEWEY DECIMAL CLASSIFICATION NUMBER
Classification number 306.2095357
100 1# - MAIN ENTRY--AUTHOR NAME
Personal name Rugh, Andrea B.
245 14 - TITLE STATEMENT
Title The political culture of leadership in the United Arab Emirates
260 ## - PUBLICATION, DISTRIBUTION, ETC. (IMPRINT)
Place of publication Basingstoke :
Name of publisher Palgrave Macmillan,
Year of publication 2007.
300 ## - PHYSICAL DESCRIPTION
Number of Pages 269 p.
650 #0 - SUBJECT ADDED ENTRY--TOPICAL TERM
Topical Term Political culture
Topical Term Tribal government
Topical Term Leadership
856 40 - ELECTRONIC LOCATION AND ACCESS
Uniform Resource Identifier http://site.ebrary.com/lib/rucke/Doc?id=10171488

No items available.

© 2026 Rongo University
Contact us: librarian | system librarian | Rongo university